000 00744nam a2200157 a 4500
001 000041966
005 20201002035846.0
008 131025s2000 sp a 000 0 spa d
020 _a848587305X
040 _aDO-SdBNP
_bspa
_cBNPHU
100 1 _aAlmagro Gorbea, Antonio.
_968891
245 1 3 _aEl Palacio Omeya de 'AMMÂN /
_cAntonio Almagro...[et. al].
260 _aGranada :
_bEscuela de Estudios Arabes, CSIC :
_bReal Academia de Bellas Artes de Granada,
_c2000.
300 _av. (354), p. (134) p. lám. ;
_c30 cm.
505 2 _av. 3
_tInvestigación arqueológica y restauración, 1989-1997 /
_rAntonio Almagro, Pedro Jimenéz, Julio Navarro ; con la colaboración de Ignacio Arce, José Antonio Fernéndez, Alvaro Jiménez y Ma. Belén Sánchez
999 _c41455
_d41455